U:lla alkavat Suomen kunnat - Statistics

Yleistilastot
  • Tätä visaa on pelattu 2 800 kertaa
  • Keskiarvotulos 6 / 7
Vastaustilastot
Maakunta Kunta % Oikein
Lappi Utsjoki
91%
Varsinais-Suomi Uusikaupunki
86%
Satakunta Ulvila
85%
Pirkanmaa Urjala
80%
Keski-Suomi Uurainen
76%
Pohjanmaa Uusikaarlepyy
71%
Pohjois-Pohjanmaa Utajärvi
70%
Ehtoja vastaavia visoja ei löytynyt
Tulosjakauma
Jokaisen tuloksen saaneiden osuus
Persentiili vastausten määrän mukaan
Tuloshistoriasi
Et ole pelannut tätä visaa